| 000 | 00837nam a2200217 u 4500 | ||
|---|---|---|---|
| 005 | 20241113063736.0 | ||
| 008 | 100624s2004 mx r 000 0 spa d | ||
| 020 | _a9707223219 | ||
| 035 | _aUPN01000176983 | ||
| 049 | _aCG | ||
| 050 | 4 |
_aHA1696 M6 _bA3.8 |
|
| 245 | 0 | 3 |
_aEl agua, espejo de los pueblos : _bensayo de ecología política sobre la crisis del agua en México en el umbral del milenio / _ccoord. Jaime Peña Ramírez. |
| 260 |
_aMéxico : _bPlaza y Valdés ; _bUNAM, Facultad de Estudios Superiores-Acatlán, _c2004. |
||
| 300 |
_a294 p. : _bgráfs. |
||
| 440 | 0 | _aEcología | |
| 650 | 2 |
_aAbastecimiento de agua _xAspectos políticos _zMéxico _916448 |
|
| 650 | 4 |
_aCALIDAD DEL AGUA - _xCONTROL _912510 |
|
| 651 | 4 |
_aMéxico _xPolítica y gobierno _y1988- _95575 |
|
| 700 | 1 |
_aPeña Ramírez, Jaime, _ecoord. |
|
| 905 | _aLibro | ||
| 999 |
_c149086 _d149086 |
||